Statistics for Countries named after people

Click here to take the quiz!

General Stats

  • This quiz has been taken 39 times
    (11 since last reset)
  • The average score is 9 of 18

Answer Stats

Answer% Correct
Saint Kitts and Nevis
82%
Saint Lucia
82%
Saint Vincent and the Grenadines
82%
Bolivia
73%
San Marino
64%
Saudi Arabia
64%
Colombia
55%
Dominican Republic
55%
Sao Tome and Principe
55%
Solomon Islands
55%
Israel
45%
Marshall Islands
45%
El Salvador
36%
Mauritius
36%
United States of America
36%
Seychelles
27%
Philippines
18%
Georgia
9%

Score Distribution

Percentile by Number Answered

Percent of People with Each Score

Your Score History

You have not taken this quiz since the last reset